000 01594cam a2200169 4500500
005 20260405085556.0
041 _afre
042 _adc
100 1 0 _aGrandjean, Catherine
_eauthor
700 1 0 _aHoffmann, Geneviève
_eauthor
700 1 0 _aCapdetrey, Laurent
_eauthor
700 1 0 _aCarrez-Maratray
_eauthor
245 0 0 _aLe monde hellénistique
260 _bArmand Colin,
_c2024.
520 _aLa période hellénistique commence avec l’expansion considérable du monde grec lors de la conquête de l’Empire perse par Alexandre le Grand : ses frontières s’étendent désormais jusqu’à l’Égypte et aux contreforts de l’Himalaya, et elle s’achève lorsque Rome s’empare de l’Orient méditerranéen.Cette époque charnière entre l’histoire grecque et l’histoire romaine a longtemps été considérée comme une période de déclin après la période classique, mais l’historiographie récente a complètement renouvelé les approches en s’appuyant notamment sur l’archéologie et sur l’étude des transferts culturels. Elle met l’accent désormais sur la créativité et la vitalité des habitants du monde hellénistique, qu’ils soient grecs, juifs, égyptiens ou orientaux.L’histoire de cette période est traversée aussi par de vifs débats historiographiques qui rejoignent souvent l’actualité de notre époque, comme la question des identités politiques et culturelles ou la réflexion sur la notion de « déclin ».
856 4 1 _uhttps://shs.cairn.info/le-monde-hellenistique--9782200633103?lang=fr&redirect-ssocas=7080
999 _c2198651
_d2198651